Statistiques concernant Trouve les paroles - La liste - Rose

Cliquez ici pour prendre le quiz!

Statistiques générales

  • Ce quiz a été pris 21 fois
  • Le résultat moyen est 195 sur 273

Statistiques - réponses

Réponse% Correct
à
100%
de
100%
De
100%
à
100%
Et
100%
Je
100%
je
100%
la
100%
ma
100%
ça
95%
ces
95%
en
95%
le
95%
Me
95%
que
95%
est
90%
être
90%
Faire
90%
faire
90%
liste
90%
ne
90%
te
90%
Te
90%
toi
90%
tout
90%
Aller
85%
avec
85%
c'est
85%
les
85%
mon
85%
par
85%
suis
85%
un
85%
veux
85%
bien
80%
choses
80%
con
80%
des
80%
Est-ce
80%
Se
80%
T'aimer
80%
tes
80%
bonne
75%
concert
75%
fenêtres
75%
J'ai
75%
Prendre
75%
prendre
75%
qu'à
75%
toutes
75%
Boire
70%
chez
70%
déçoit
70%
Ikea
70%
peu
70%
une
70%
vodka
70%
chambre
65%
Jeter
65%
mourir
65%
ordinaire
65%
puis
65%
Repeindre
65%
rien
65%
rire
65%
trop
65%
vert
65%
voudrais
65%
Acheter
60%
Avoir
60%
café
60%
Jouer
60%
mal
60%
massacrer
60%
métro
60%
noir
60%
peut
60%
pour
60%
sur
60%
beaucoup
55%
chien
55%
lever
55%
mettre
55%
Mettre
55%
mieux
55%
non
55%
photo
55%
retard
55%
ton
55%
Danser
50%
Fumer
50%
fumer
50%
jour
50%
Louer
50%
meublé
50%
on
50%
paraitre
50%
paraître
50%
passer
50%
permis
50%
petite
50%
Pleurer
50%
sais
50%
soupirs
50%
trottoir
50%
trouvé
50%
voiles
50%
Aspirer
45%
d'avoir
45%
décolleté
45%
dresser
45%
du
45%
Ecouter
45%
exhaustive
45%
fille
45%
guitare
45%
naïve
45%
semblant
45%
toujours
45%
caddie
40%
comptoir
40%
d'amour
40%
Ecrire
40%
mots
40%
quand
40%
regarder
40%
Regarder
40%
trouver
40%
dire
35%
Janis
35%
Joplin
35%
Remplir
35%
S'aimer
35%
traiter
35%
M'enfermer
30%
pardon
30%
partout
30%
saouls
30%
spleen
30%
coeur
25%
demander
25%
dormir
25%
envieux
25%
erreurs
25%
infos
25%
Pardonner
25%
qu'on
25%
serrer
25%
T'embrasser
25%
deux
20%
Emmerder
20%
guérir
20%
heureux
20%
vélo
20%
soupçons
10%
Eveiller
5%

Distribution des résultats

Percentile par nombre de réponses

% des personnes avec chaque résultat

Votre développement - résultats

Vous n’avez pas pris ce quiz